[Event "Rewal op-B 15th"]
[Site "Rewal"]
[Date "2010.08.21"]
[Round "3"]
[White "Mirski, Krzysztof"]
[Black "Poswiatowski, Stanislaw"]
[Result "0-1"]
[WhiteElo "1602"]
[BlackElo "1667"]
[PlyCount "91"]
[EventDate "2010.08.18"]
[EventType "swiss"]
[EventRounds "9"]
[EventCountry "POL"]
[SourceTitle "EXT 2014"]
[Source "ChessBase"]
[SourceDate "2013.11.20"]
[SourceVersion "1"]
[SourceVersionDate "2013.11.20"]
[SourceQuality "1"]

1. e4 e6 2. d4 d5 3. e5 c5 4. c3 Nc6 5. Nf3 Qb6 6. Bd3 Bd7 7. Bc2 cxd4 8. cxd4 Bb4+ 9. Nc3 Be7 10. 0-0 Rc8 11. a3 f6 12. Re1 fxe5 13. Nxe5 Nf6 14. Nxd7 Kxd7 15. b4 Qxd4 16. Bd2 a6 17. Qe2 Nd8 18. Rac1 Ke8 19. Be3 Qe5 20. Bb6 Qxe2 21. Rxe2 Kf7 22. Na4 Rc6 23. Bc5 Bxc5 24. Nxc5 Re8 25. Rce1 Re7 26. f4 Nd7 27. Nxd7 Rxd7 28. Bxh7 g6 29. Re3 Kf6 30. Rh3 Rcc7 31. Bg8 Rg7 32. Bxe6 Nxe6 33. Rf1 d4 34. g4 Rc3 35. Rhf3 Rxf3 36. Rxf3 Rd7 37. Kf2 d3 38. Ke1 Rd4 39. f5 gxf5 40. Rxf5+ Kg6 41. h3 Nf4 42. h4 Ng2+ 43. Kd2 Nxh4 44. Rc5 Rd7 45. a4 Nf3+ 46. Kd1 0-1